| 000 | 00963nam a2200229 i 4500 | ||
|---|---|---|---|
| 001 | 44610 | ||
| 003 | ES-MaACL | ||
| 005 | 20250808221308.0 | ||
| 007 | t| | ||
| 008 | 030321s1945 sp ||||1| spa d | ||
| 245 | 0 | 0 |
_aCódigo de derecho canónico / _ctexto latino y versión castellana con jurisprudencia y comentarios por Lorenzo Miguélez Domínguez, Sabino Alonso Morán y Marcelino Cabreros de Anta ; prólogo de José López Ortíz. |
| 260 |
_aMadrid : _b[La Editorial Católica], _c1945 ( _fAldus S.A. de Artes Gráficas) |
||
| 300 |
_aXLV, 857 p. ; _c25 cm. |
||
| 490 | 1 | _aBiblioteca de autores cristianos | |
| 700 | 1 |
_aMiguélez Domínguez, Lorenzo _981048 |
|
| 700 | 1 |
_aAlonso Morán, Sabino, _d1890- _920365 |
|
| 700 | 1 |
_aCabreros de Anta, Marcelino _933327 |
|
| 700 | 1 |
_aLópez Ortiz, José, _d1898-1992 _973849 |
|
| 830 | 0 | 0 |
_aBiblioteca de autores cristianos _9178679 |
| 852 |
_aES-MaACL _jB-10235 _bR.21796 |
||
| 999 |
_c44610 _d44610 |
||